| 000 | 00364cam a2200145ua 4500 | ||
|---|---|---|---|
| 041 |
_aeng _h |
||
| 082 |
_a822 _bMCI/FI |
||
| 100 | _aMcilwraith, . | ||
| 245 |
_aFive Elizabethan commedies / _cMcil wraith. _hTextual Documents |
||
| 260 |
_aLondon : _bOxford University Press , _c1962. |
||
| 300 | _a308 ; . | ||
| 504 | _a | ||
| 942 | _cBK | ||
| 999 |
_c6039 _d6039 |
||